Félins - Mort subite - Statistiques

Statistiques générales
  • Ce quiz a été pris 1 675 fois
  • Le résultat moyen est 9 sur 14
Answers on the Grid
Answers color-coded by a green-red scale on the quiz's grid according to % correct below.
Guépard
Serval
Chat marsupial
Hyène
Chat domestique
Ocelot
Lynx
Puma
Panthère
Tanuki
Lion
Mangouste
Jaguar
Léopard
Tigre
Panthère des neiges
Caracal
Chat sauvage
Panda roux
Lycaon
Genette
Suricate
Martre
Raton laveur
 
Statistiques - réponses
Réponse % Correct
Tigre
75%
Léopard
73%
Puma
73%
Jaguar
72%
Lynx
72%
Lion
71%
Guépard
69%
Panthère
69%
Chat domestique
63%
Chat sauvage
62%
Panthère des neiges
62%
Serval
51%
Ocelot
48%
Caracal
33%
Aucun quiz correspondant
Distribution des résultats
% des personnes avec chaque résultat
Percentile par nombre de réponses
Votre historique - résultats
Vous n’avez pas pris ce quiz